Mathematical dictionary for economics and business administration
Saved in:
| Main Author: | |
|---|---|
| Other Authors: | , |
| Format: | Book |
| Language: | English |
| Published: |
Boston :
Allyn and Bacon,
c1976
|
| Subjects: | |
| Tags: |
Add Tag
No Tags, Be the first to tag this record!
|
MARC
| LEADER | 00000cam a2200000 i 4500 | ||
|---|---|---|---|
| 001 | 1/30637 | ||
| 008 | 950809s1976 eng d | ||
| 020 | |a 0205050115 |c $18.95 | ||
| 035 | |l 10023436 | ||
| 040 | |a GR-MY-UA |b gre |e aacr | ||
| 041 | 0 | |a eng | |
| 082 | 0 | |a 510.3 | |
| 100 | 1 | |a Skrapek, Wayne A. |d 1945- | |
| 245 | 1 | 0 | |a Mathematical dictionary for economics and business administration / |c Wayne A. Skrapek, Bob M. Korkie, Terrence E. Daniel |
| 260 | |a Boston : |b Allyn and Bacon, |c c1976 | ||
| 300 | |a x, 369 p.; |b ill.; |c 24 cm | ||
| 650 | 0 | 0 | |a Mathematics |x Dictionaries. |
| 700 | 1 | |a Korkie, Bob M. |d 1943- | |
| 700 | 1 | |a Daniel, Terrence E. |d 1943- | |
| 852 | |a INST |b CHIOS |e 19950809 |h 510.3 SKR |p 005200001300 |q 005200001300 |t BK |y 0 | ||
| 909 | |a Χ |b 013379 | ||